| 000 | 00909nam a22002417a 4500 | ||
|---|---|---|---|
| 001 | 47861 | ||
| 003 | BD-RjUL | ||
| 005 | 20211209054416.0 | ||
| 008 | 160810s1985 ii ||||| |||| 00| 0 ben d | ||
| 020 | _c: IRs 1.50 | ||
| 035 | _a(BD-RjUL)47980 | ||
| 040 |
_aBD-RjUL _bben _cBD-RjUL |
||
| 041 | _aben | ||
| 082 |
_223 _a891.2109 _bBIV 1985 |
||
| 100 |
_aবিশ্বাস, নরেন _9145278 |
||
| 245 | 1 | 0 |
_aভারতীয় কাব্যতত্ত্ব / _cনরেন বিশ্বাস |
| 260 |
_aঢাকা : _bবাংলা একাডেমী, _c১৯৮৫ |
||
| 300 |
_a৯৯ পৃ. ; _c১৭ সেমি. |
||
| 504 | _aগ্রন্থপঞ্জি | ||
| 650 |
_aসংস্কৃত কবিতা _xইতিহাস ও সমালোচনা _9127777 |
||
| 650 |
_aSanskrite Literature _xHistory & Criticism _9145279 |
||
| 942 |
_2ddc _cBK |
||
| 999 |
_c47861 _d47861 |
||